SURGA YANG DIJANJIKAN : (Record no. 142161)

MARC details
000 -LEADER
fixed length control field 00986pam a2200313 a 4500
001 - CONTROL NUMBER
control field vtls000663207
003 - CONTROL NUMBER IDENTIFIER
control field PNM
005 - DATE AND TIME OF LATEST TRANSACTION
control field 20180728150218.0
008 - FIXED-LENGTH DATA ELEMENTS--GENERAL INFORMATION
fixed length control field 111212t20122012my | g | 000 j may
015 ## - NATIONAL BIBLIOGRAPHY NUMBER
National bibliography number M13-07930
020 ## - INTERNATIONAL STANDARD BOOK NUMBER
International Standard Book Number 9789673911271
Terms of availability RM49.83
Qualifying information paperback
039 #9 - LEVEL OF BIBLIOGRAPHIC CONTROL AND CODING DETAIL [OBSOLETE]
Level of rules in bibliographic description 201306261424
Level of effort used to assign nonsubject heading access points nooraini
Level of effort used to assign subject headings 201306121118
Level of effort used to assign classification khuraisah
Level of effort used to assign subject headings 201211281116
Level of effort used to assign classification iliza
Level of effort used to assign subject headings 201112121348
Level of effort used to assign classification azma
040 ## - CATALOGING SOURCE
Original cataloging agency BNM
Transcribing agency PNM
Language of cataloging eng
Modifying agency PPAK
Description conventions rda
049 ## - LOCAL HOLDINGS (OCLC)
Holding library klpmal
082 04 - DEWEY DECIMAL CLASSIFICATION NUMBER
Classification number 899.233010803
Edition number 22
090 00 - LOCALLY ASSIGNED LC-TYPE CALL NUMBER (OCLC); LOCAL CALL NUMBER (RLIN)
Classification number (OCLC) (R) ; Classification number, CALL (RLIN) (NR) 899.233010803
Feature heading MZU
Feature heading G
100 0# - MAIN ENTRY--PERSONAL NAME
Personal name M. Zuhaili,
Dates associated with a name 1986-
Relator term author
245 10 - TITLE STATEMENT
Title SURGA YANG DIJANJIKAN :
Name of part/section of a work BAHAGIAN BUA /
Statement of responsibility, etc. M. Zuhaili
264 ## - PRODUCTION, PUBLICATION, DISTRIBUTION, MANUFACTURE, AND COPYRIGHT NOTICE
Place of production, publication, distribution, manufacture Seri Kembangan, Selangor :
Name of producer, publisher, distributor, manufacturer Penerbitan Premier,
Date of production, publication, distribution, manufacture, or copyright notice 2012
Date of production, publication, distribution, manufacture, or copyright notice © 2012
300 ## - PHYSICAL DESCRIPTION
Extent 157pages ;
Dimensions 18 cm
336 ## - CONTENT TYPE
Source rdacontent
Content type term text
337 ## - MEDIA TYPE
Source rdamedia
Media type term unmediated
338 ## - CARRIER TYPE
Source rdacarrier
Carrier type term volume
490 1# - SERIES STATEMENT
Series statement SIRI BAHAN BACAAN BUKU
650 10 - SUBJECT ADDED ENTRY--TOPICAL TERM
Topical term or geographic name entry element Short stories, Malay
830 #0 - SERIES ADDED ENTRY--UNIFORM TITLE
Uniform title Siri bahan bacaan sekolah
942 ## - ADDED ENTRY ELEMENTS (KOHA)
Source of classification or shelving scheme Dewey Decimal Classification
Koha item type Book
Holdings
Withdrawn Not for loan Current library Shelving location Date acquired Total Checkouts Full call number Barcode Date last seen Date last checked out Koha item type
    Perpustakaan Alor Setar Pinjaman Dewasa 03/05/2018 1 899.233010803 MZU A00736760 11/08/2018 28/07/2018 Book